|
|
|
|
| LEADER |
01038pam a22003378a 4500 |
| 001 |
00034228 |
| 005 |
20171026081025.0 |
| 008 |
160524s2007 ||||||viesd |
| 041 |
0 |
# |
|a vie
|
| 082 |
1 |
4 |
|a 356.095 978 9
|b T309Đ
|
| 245 |
1 |
0 |
|a Tiểu đoàn 502 anh hùng
|
| 260 |
# |
# |
|a Đồng Tháp
|c 2007
|b Hội Văn học nghệ thuật & bộ chỉ huy quân sự tỉnh Đồng Tháp
|
| 300 |
# |
# |
|a 105 tr.
|c 22 cm.
|
| 500 |
# |
# |
|a Đầu trang tên sách ghi: Kỷ niệm 40 năm chiến thắng Rạch Ruộng (4/12/1967) và chiến thắng xuân Mậu Thân (1968)
|
| 653 |
# |
# |
|a Quân sự
|
| 653 |
# |
# |
|a Tiểu đoàn 502
|
| 653 |
# |
# |
|a Tranh ảnh
|
| 653 |
# |
# |
|a Đồng Tháp
|
| 852 |
# |
# |
|b Kho đọc
|j KD.0017762
|
| 852 |
# |
# |
|j KD.0017762
|
| 910 |
0 |
# |
|d 24/05/2016
|
| 980 |
# |
# |
|a Trung tâm Học liệu Lê Vũ Hùng, Trường Đại học Đồng Tháp
|